Foundations of generic optimization

Αποθηκεύτηκε σε:
Λεπτομέρειες βιβλιογραφικής εγγραφής
Άλλοι συγγραφείς: Lowen, R. (Robert) (Επιμελητής έκδοσης), Verschoren, A. 1954- (Επιμελητής έκδοσης)
Μορφή: Βιβλίο
Γλώσσα:English
Δημοσίευση: [Great Britain] : Springer, c2008
Σειρά:Mathematical modelling. theory and applications ; ; 24
Θέματα:
Ετικέτες: Προσθήκη ετικέτας
Δεν υπάρχουν, Καταχωρήστε ετικέτα πρώτοι!

MARC

LEADER 00000nam a2200000 i 4500
001 1/79566
008 080331s2008 eng d
020 |a 978-1-4020-6667-2 
035 |l 10095996 
040 |a GR-MY-UA  |b gre  |e aacr 
041 0 |a eng 
082 0 |a 519.62  |2 (22) 
245 1 0 |a Foundations of generic optimization /  |c edited by R. Lowen and A. Verschoren 
260 |a [Great Britain] :   |b Springer,   |c c2008 
300 |a 2τ.;  |b διαγρ., σχέδια;  |c 24 εκ. 
490 1 |a Mathematical modelling. Theory and applications  |v ; 24 
504 |a Περιλαμβάνει βιβλιογραφικές παραπομπές 
505 0 |a T.2: Applications of fuzzy control, genetic algorithms and neural networks 
650 0 0 |a Genetic algorithms. 
650 0 0 |a Mathematical optimization. 
700 1 |a Lowen, R.  |q (Robert)  |4 edt 
700 1 |a Verschoren, A.  |d 1954-  |4 edt 
740 0 2 |a Applications of fuzzy control, genetic algorithms and neural networks 
830 0 |a Mathematical modelling. theory and applications ;  |v ; 24 
852 |a INST  |b CHIOS  |e 20080331  |h 519.62 FOU  |p 005200027505  |q 005200027505  |t BK  |y 0  |z τ.2 
852 |a INST  |b CHIOS  |e 20080331  |h 519.62 FOU  |p 005200027505  |q 005200027505  |t BK  |v τ.2:  |y 0  |z τ.2 
853 |a INST  |b CHIOS  |h 519.62 FOU 
901 |a BIBL2-2008-1 
909 |a Χ  |b 151322 
922 |a 2ΕΛΗ  |b 200803  |c ΕΠΕΑΕΚ2/ΤΜΟΔ  |d ΠΑΠΑΣΩΤΗΡΙΟΥ 
970 |a ΒΑΣΙΛΑΚΗ  |b ΝΙΚΗ  |z 2008/03/31